000 00360nam a2200157Ia 4500
008 230524s9999 xx 000 0 und d
082 _a4
_bXAV
100 _aC.Xavier
_92838
245 0 _aProjects on Java 2
250 _a2ND
260 _aCHENNAI
_bScitech
_c2003
300 _aXIII;750
500 _aQuantity Number: 1
650 _aComp-Sc
942 _cBK
999 _c22697
_d22697